[Event "Dato Arthur Tan Malaysian Op"]
[Site "Kuala Lumpur MAS"]
[Date "2007.08.25"]
[Round "9"]
[White "Nadera, B."]
[Black "Zhang Jilin"]
[Result "1-0"]
[WhiteElo "2402"]
[BlackElo "2338"]
[PlyCount "95"]
[EventDate "2007.08.20"]
[Source "www.chesslib.no"]
[SourceDate "2004.05.04"]

1. d4 Nf6 2. c4 g6 3. Nc3 d5 4. Nf3 Bg7 5. Qb3 dxc4 6. Qxc4 O-O 7. Bf4 c6 8. Rd1 Be6 9. Qd3 Nd5 10. Nxd5 cxd5 11. Qb3 Nc6 12. a3 Rc8 13. Qxb7 Na5 14. Qb4 Bf5 15. e3 Bc2 16. Rc1 Be4 17. Rc3 Rxc3 18. Qxc3 Qc8 19. Nd2 Qxc3 20. bxc3 Bc2 21. Ba6 e5 22. Bxe5 Bxe5 23. dxe5 Rb8 24. O-O Rb6 25. Rc1 Bf5 26. Bf1 Rb2 27. Nf3 Ra2 28. h3 Rxa3 29. Nd4 Bd7 30. c4 dxc4 31. Bxc4 Nxc4 32. Rxc4 Ra1+ 33. Kh2 Ra5 34. Rc7 Be6 35. Nxe6 fxe6 36. Kg3 Rxe5 37. Rxa7 h5 38. h4 Kf8 39. Kf3 Rf5+ 40. Ke2 Rb5 41. g3 Rb2+ 42. Kf3 e5 43. Ra5 e4+ 44. Kg2 Rb4 45. Rg5 Kf7 46. g4 hxg4 47. Rxg4 Kf6 48. Kg3 1-0

[Event "Nord West Cup"]
[Site "?"]
[Date "2000.??.??"]
[Round "?"]
[White "Gofshtein Zvulon"]
[Black "Kuenzler Thomas"]
[Result "1-0"]
[WhiteElo "2580"]
[BlackElo "2158"]
[PlyCount "117"]
[EventDate "2000.??.??"]
[Source "www.chesslib.no"]
[SourceDate "2004.05.04"]

1. d4 Nf6 2. c4 g6 3. Nc3 d5 4. Nf3 Bg7 5. Qb3 dxc4 6. Qxc4 a6 7. Bf4 b5 8. Qxc7 Qxc7 9. Bxc7 Bb7 10. e3 Nbd7 11. Bd3 O-O 12. Ke2 Rac8 13. Ba5 Rfe8 14. a4 e5 15. Nxe5 Nxe5 16. dxe5 Rxe5 17. axb5 axb5 18. f3 Nd5 19. Nxd5 Rxd5 20. Rab1 Ba6 21. Rhd1 b4 22. Bxa6 Rc2+ 23. Ke1 Rxa5 24. Rd8+ Bf8 25. Be2 Ra2 26. Rd2 Rc7 27. Bd1 Ra5 28. Bb3 Re5 29. e4 Kg7 30. Bd5 Re8 31. Ra1 f5 32. Ra6 fxe4 33. fxe4 Bc5 34. Ke2 Ree7 35. Kd3 Ra7 36. Rxa7 Rxa7 37. e5 Re7 38. Re2 Re8 39. h3 Rd8 40. Ke4 Be7 41. Rc2 Re8 42. Rc7 Kf8 43. h4 Rb8 44. b3 Re8 45. g4 Rb8 46. h5 gxh5 47. gxh5 h6 48. Kf5 Bg5 49. Rf7+ Ke8 50. e6 Rb5 51. Ke4 Rb6 52. Kd4 Be7 53. Rh7 Bg5 54. Bc4 Kd8 55. Ke5 Ke8 56. Kf5 Kd8 57. Rg7 Rc6 58. Rxg5 Rc5+ 59. Kf6 1-0

[Event "Montecatini Terme op"]
[Site "Montecatini Terme"]
[Date "2000.??.??"]
[Round "2"]
[White "Farago, Ivan"]
[Black "Tocchioni, Doriano"]
[Result "1-0"]
[WhiteElo "2486"]
[BlackElo "2250"]
[PlyCount "37"]
[EventDate "2000.07.??"]
[Source "www.chesslib.no"]
[SourceDate "2004.05.04"]

1. d4 Nf6 2. c4 g6 3. Nc3 d5 4. Nf3 Bg7 5. Qb3 dxc4 6. Qxc4 a6 7. e4 b5 8. Qb3 O-O 9. e5 Nfd7 10. e6 fxe6 11. Be3 Nb6 12. h4 Nc6 13. h5 b4 14. Ne4 Qd5 15. Nc5 gxh5 16. Bd3 Rf5 17. Bxf5 Qxf5 18. Rc1 Nd5 19. Qa4 1-0

[Event "Cuxhaven Open"]
[Site "Cuxhaven"]
[Date "1993.??.??"]
[Round "5"]
[White "Piven, Igor"]
[Black "Dobrovolsky, Ladislav"]
[Result "1/2-1/2"]
[WhiteElo "2345"]
[BlackElo "2390"]
[PlyCount "108"]
[EventDate "1993.03.??"]
[Source "www.chesslib.no"]
[SourceDate "2004.05.04"]

1. d4 d5 2. Nf3 Nf6 3. c4 c6 4. Qb3 g6 5. Nc3 Bg7 6. g3 dxc4 7. Qxc4 O-O 8. Bg2 Be6 9. Qd3 Na6 10. O-O Qc8 11. Ng5 Bg4 12. h3 Bd7 13. Kh2 h6 14. Nf3 c5 15. Be3 Rd8 16. Qc4 Be6 17. Qb5 Nd5 18. Nxd5 Bxd5 19. dxc5 Qc6 20. Qxc6 Bxc6 21. Ne1 Bxb2 22. Rb1 Bd4 23. Bxd4 Rxd4 24. Nd3 Ra4 25. Rb2 Kf8 26. Rc1 Ke8 27. Rcc2 Rc8 28. f4 Bxg2 29. Kxg2 Rc7 30. Kf3 Ra5 31. g4 Nxc5 32. Nxc5 Raxc5 33. Rxc5 Rxc5 34. Rxb7 Ra5 35. Rb2 Ra3+ 36. e3 Kd7 37. Rc2 Kd6 38. h4 Ra5 39. Ke4 Ra4+ 40. Kf3 e5 41. Rd2+ Ke6 42. Rc2 e4+ 43. Kg3 Ra3 44. Kf2 h5 45. gxh5 gxh5 46. Rc5 Rxa2+ 47. Kg3 f6 48. Rc6+ Ke7 49. f5 Ra4 50. Kf4 a5 51. Ra6 Kf7 52. Ra7+ Kg8 53. Ra8+ Kg7 54. Ra7+ Kg8 1/2-1/2

[Event "JUG Ch"]
[Site "Banja Vrucica YUG"]
[Date "1991.??.??"]
[Round "?"]
[White "Bogdanovski, Vlatko"]
[Black "Obralic, Esad"]
[Result "1-0"]
[WhiteElo "2440"]
[BlackElo "2295"]
[PlyCount "67"]
[EventDate "1991.12.??"]
[Source "www.chesslib.no"]
[SourceDate "2004.05.04"]

1. d4 Nf6 2. Nf3 g6 3. c4 Bg7 4. Nc3 d5 5. Qb3 dxc4 6. Qxc4 a6 7. Bf4 c6 8. Qb3 O-O 9. e3 b5 10. Be2 Be6 11. Qc2 Nbd7 12. O-O Nb6 13. Rac1 Rc8 14. Rfd1 Nbd5 15. Be5 Bh6 16. Nxd5 Qxd5 17. b3 Bf5 18. Bd3 Bxd3 19. Qxd3 Ne4 20. Nd2 Nxd2 21. Rxd2 Rfd8 22. Qe2 c5 23. Rdc2 c4 24. bxc4 bxc4 25. Rxc4 Rxc4 26. Qxc4 Qe4 27. h3 a5 28. Qc2 Qd5 29. Qc5 Qxc5 30. Rxc5 Ra8 31. a4 Bf8 32. Bc7 e6 33. Rxa5 Rc8 34. Ra7 1-0

[Event "Baden-Baden"]
[Site "Baden-Baden"]
[Date "1981.??.??"]
[Round "?"]
[White "Borik, Otto"]
[Black "Bastian, Herbert"]
[Result "0-1"]
[WhiteElo "2410"]
[BlackElo "2320"]
[PlyCount "77"]
[EventDate "1981.07.??"]
[Source "ChessBase"]

1. Nf3 Nf6 2. c4 g6 3. d4 c6 4. Nc3 d5 5. Qb3 Bg7 6. Bg5 dxc4 7. Qxc4 O-O 8. e4 Nbd7 9. Be2 h6 10. Bh4 Nb6 11. Qd3 Nh5 12. Qe3 Be6 13. O-O-O Nf6 14. Ne5 Nfd7 15. f4 Nxe5 16. dxe5 Qc7 17. Rhf1 Nc4 18. Qc5 b6 19. Qxe7 Qxe7 20. Bxe7 Rfe8 21. Rd4 Nxe5 22. Bd6 Ng4 23. e5 Nxh2 24. Rh1 Ng4 25. Ra4 h5 26. Bf3 Rec8 27. Ne4 Ne3 28. Kd2 Nc4+ 29. Kc3 Nxd6 30. Nxd6 Rc7 31. Ne4 Rd8 32. Ng5 Bf5 33. Be4 Bxe4 34. Nxe4 Rcd7 35. Rc4 c5 36. Rh3 Rd1 37. Re3 Bf8 38. Kb3 b5 39. Rxc5 0-1

[Event "Novi Sad Open"]
[Site "Novi Sad YUG"]
[Date "1988.??.??"]
[Round "3"]
[White "Legky, Nikolay A"]
[Black "Petrovic, Vojislav"]
[Result "1-0"]
[WhiteElo "2380"]
[BlackElo "2350"]
[PlyCount "65"]
[EventDate "1988.06.??"]
[Source "www.chesslib.no"]
[SourceDate "2004.05.04"]

1. d4 Nf6 2. c4 g6 3. Nc3 d5 4. Nf3 Bg7 5. Qb3 c6 6. Bf4 dxc4 7. Qxc4 Be6 8. Qd3 Nd5 9. Bg3 O-O 10. e4 Nb6 11. b3 Na6 12. Qd2 h6 13. Bxa6 bxa6 14. O-O Bg4 15. Ne5 Qc8 16. Rac1 Bxe5 17. Bxe5 f6 18. Bg3 g5 19. d5 Rd8 20. Nd1 Bxd1 21. Rfxd1 c5 22. Qc2 Nd7 23. e5 Kg7 24. e6 Nf8 25. Qe4 a5 26. h4 gxh4 27. Qxh4 Ng6 28. Qh5 Rf8 29. Qf5 Qa6 30. Rc4 h5 31. Qxh5 f5 32. Qg5 Kh7 33. Be5 1-0

[Event "Buenos Aires Club Argentino"]
[Site "Buenos Aires"]
[Date "1975.??.??"]
[Round "1"]
[White "Sanguinetti, Raul"]
[Black "Seidler, Aldo"]
[Result "1/2-1/2"]
[WhiteElo "2530"]
[BlackElo "2200"]
[PlyCount "30"]
[EventDate "1975.??.??"]
[Source "ChessBase"]

1. d4 Nf6 2. c4 g6 3. Nc3 d5 4. Nf3 Bg7 5. Qb3 c6 6. cxd5 cxd5 7. Bg5 Nc6 8. e3 O-O 9. Bxf6 exf6 10. Qxd5 Qe7 11. Be2 f5 12. g3 Be6 13. Qb5 a6 14. Qb6 Rfd8 15. O-O Rac8 1/2-1/2

[Event "BL2-O 9394"]
[Site "GER"]
[Date "1994.??.??"]
[Round "?"]
[White "Szymczak, Zbigniew"]
[Black "Roesch, Arnd"]
[Result "1/2-1/2"]
[WhiteElo "2350"]
[BlackElo "2375"]
[PlyCount "30"]
[EventDate "1993.10.??"]
[Source "www.chesslib.no"]
[SourceDate "2004.05.04"]

1. d4 Nf6 2. c4 g6 3. Nc3 d5 4. Nf3 Bg7 5. Qb3 dxc4 6. Qxc4 O-O 7. Bf4 c6 8. e3 b5 9. Qb3 Be6 10. Qc2 Qa5 11. Nd2 Na6 12. Be2 Nb4 13. Qd1 Nfd5 14. Nxd5 Nxd5 15. Bg3 c5 1/2-1/2

[Event "Makarska"]
[Site "Makarska"]
[Date "1994.??.??"]
[Round "?"]
[White "Marinelli, Tullio"]
[Black "Stone, Raymond"]
[Result "1-0"]
[WhiteElo "2370"]
[BlackElo "2355"]
[PlyCount "61"]
[EventDate "1994.06.??"]
[Source "www.chesslib.no"]
[SourceDate "2004.05.04"]

1. d4 Nf6 2. c4 g6 3. Nc3 d5 4. Nf3 Bg7 5. Qb3 dxc4 6. Qxc4 O-O 7. Bf4 Nc6 8. Rd1 Nd7 9. e3 Nb6 10. Qb3 a5 11. Qc2 Bf5 12. Qc1 Nb4 13. Be2 Nc2+ 14. Kf1 Nb4 15. e4 Bg4 16. a3 Nc6 17. d5 Bxf3 18. gxf3 Ne5 19. Bh6 e6 20. h4 Bxh6 21. Qxh6 Qf6 22. h5 Qg7 23. hxg6 Qxh6 24. Rxh6 fxg6 25. dxe6 Rae8 26. Nd5 Rxe6 27. Nxc7 Rc6 28. Nd5 Nxd5 29. Rxd5 Nxf3 30. Bd1 Rc1 31. Kg2 1-0

[Event "Hungary HUN"]
[Site "?"]
[Date "2006.04.09"]
[Round "10"]
[White "Horvath Gyula"]
[Black "Nguyen Huynh Minh H"]
[Result "1-0"]
[WhiteElo "2430"]
[BlackElo "2294"]
[PlyCount "65"]
[EventDate "2006.??.??"]
[Source "www.chesslib.no"]
[SourceDate "2004.05.04"]

1. c4 c6 2. d4 d5 3. Nf3 Nf6 4. Qb3 g6 5. Nc3 Bg7 6. Bf4 dxc4 7. Qxc4 Nbd7 8. e3 O-O 9. Be2 Nb6 10. Qb3 Be6 11. Qc2 Bc4 12. O-O Bxe2 13. Qxe2 Nbd5 14. Be5 Qa5 15. Rfc1 Rfe8 16. h3 Bh6 17. a3 Nd7 18. Bg3 Nxc3 19. Rxc3 Bg7 20. Rd1 Rac8 21. Qc2 Nf6 22. Rc5 Qb6 23. Ne5 Qd8 24. Qb3 e6 25. Qxb7 Rc7 26. Qb3 Ne4 27. Nxc6 Qd7 28. Bxc7 Nxc5 29. Qc2 Bf8 30. Bg3 Qxc6 31. Rc1 Rc8 32. b4 Qa6 33. Qc3 1-0

[Event "JUG-chT2"]
[Site "Tivat"]
[Date "1995.??.??"]
[Round "2"]
[White "Bauk, Slavko"]
[Black "Mitrovic, Petar"]
[Result "1/2-1/2"]
[WhiteElo "2330"]
[BlackElo "2390"]
[PlyCount "73"]
[EventDate "1995.??.??"]
[Source "www.chesslib.no"]
[SourceDate "2004.05.04"]

1. d4 Nf6 2. c4 g6 3. Nf3 Bg7 4. Nc3 d5 5. Qb3 dxc4 6. Qxc4 a6 7. e4 b5 8. Qb3 Bb7 9. e5 Nd5 10. a4 Nxc3 11. Qxc3 bxa4 12. Rxa4 Nd7 13. Be2 O-O 14. O-O Qb8 15. Bf4 Nb6 16. Ra5 Nd5 17. Qc1 Nxf4 18. Qxf4 Qa7 19. Rfa1 Rad8 20. Bxa6 Bxf3 21. Qxf3 Qxd4 22. Qc3 Qxc3 23. bxc3 Ra8 24. Be2 Rxa5 25. Rxa5 Rb8 26. f4 Rb3 27. Rc5 Rb7 28. Kf2 e6 29. Ke3 Kf8 30. Rb5 Ra7 31. Bf3 Ke7 32. Rb7 Rxb7 33. Bxb7 Kd7 34. Bf3 c6 35. Bd1 Kc7 36. Ba4 Kb6 37. Ke4 1/2-1/2

[Event "NWC Open 11"]
[Site "Seattle, WA USA"]
[Date "1993.??.??"]
[Round "?"]
[White "Orlov, Georgy"]
[Black "Schnabel, Ralf"]
[Result "1-0"]
[WhiteElo "2495"]
[BlackElo "2225"]
[PlyCount "67"]
[EventDate "1993.11.??"]
[Source "www.chesslib.no"]
[SourceDate "2004.05.04"]

1. d4 Nf6 2. Nf3 g6 3. c4 Bg7 4. Nc3 d5 5. Qb3 dxc4 6. Qxc4 Na6 7. e4 c5 8. dxc5 Qa5 9. Qb5+ Qxb5 10. Bxb5+ Bd7 11. Bxa6 bxa6 12. Nd2 Ng4 13. Nb3 Bxc3+ 14. bxc3 e5 15. f3 Nf6 16. Bg5 Ng8 17. O-O-O f6 18. Be3 Be6 19. Rd6 Kf7 20. Rxa6 Ne7 21. Rd1 Bc4 22. Ra4 Bb5 23. Rb4 Rhb8 24. Na5 Be8 25. Rd6 Nc8 26. Rd8 Ke7 27. Rd2 Rxb4 28. cxb4 Rb8 29. c6 Nb6 30. Bc5+ Kf7 31. a3 Rc8 32. b5 Rc7 33. Bxb6 axb6 34. Nc4 1-0

[Event "XI Open OIBM"]
[Site "Bad Wiessee GER"]
[Date "2007.11.12"]
[Round "3.17"]
[White "Abbasov, Farid"]
[Black "Basener, Winfried"]
[Result "1-0"]
[WhiteElo "2507"]
[BlackElo "2210"]
[PlyCount "80"]
[EventDate "2007.11.10"]
[Source "www.chesslib.no"]
[SourceDate "2004.05.04"]

1. d4 Nf6 2. c4 g6 3. Nc3 d5 4. Nf3 Bg7 5. Qb3 dxc4 6. Qxc4 a6 7. e4 b5 8. Qb3 c5 9. dxc5 Be6 10. Qc2 Nc6 11. a3 O-O 12. Be3 Ng4 13. Bf4 Nd4 14. Nxd4 Bxd4 15. Rd1 Bb3 16. Qxb3 Nxf2 17. Nd5 Nxd1 18. Qxd1 e5 19. Bg3 Bxb2 20. Qb3 Qa5+ 21. Qb4 Qxa3 22. Ne7+ Kg7 23. Bxe5+ f6 24. Qxa3 Bxa3 25. Bd6 Rfe8 26. Bd3 Kf7 27. Nd5 Rac8 28. Rf1 f5 29. Nc7 Rxc7 30. Bxc7 Bxc5 31. Kd1 Re7 32. Bg3 Rd7 33. Kc2 Bd6 34. exf5 Rc7+ 35. Kb3 Bxg3 36. hxg3 gxf5 37. Rxf5+ Kg7 38. g4 Re7 39. Rg5+ Kh6 40. Rd5 Re3 1-0